Le Réseau bronchiolite Ile-de-France : une dynamique en constant renouvellement (notice n° 2224950)
[ vue normale ]
| 000 -LEADER | |
|---|---|
| fixed length control field | 01021cam a2200169 4500500 |
| 005 - DATE AND TIME OF LATEST TRANSACTION | |
| control field | 20260426014430.0 |
| 041 ## - LANGUAGE CODE | |
| Language code of text/sound track or separate title | fre |
| 042 ## - AUTHENTICATION CODE | |
| Authentication code | dc |
| 100 10 - MAIN ENTRY--PERSONAL NAME | |
| Personal name | Evenou, Didier |
| Relator term | author |
| 245 00 - TITLE STATEMENT | |
| Title | Le Réseau bronchiolite Ile-de-France : une dynamique en constant renouvellement |
| 260 ## - PUBLICATION, DISTRIBUTION, ETC. | |
| Date of publication, distribution, etc. | 2005.<br/> |
| 500 ## - GENERAL NOTE | |
| General note | 5 |
| 520 ## - SUMMARY, ETC. | |
| Summary, etc. | RésuméL’article retrace l’histoire d’un réseau de santé, remarquable par l’efficacité de ses pratiques et par son ampleur – un millier de professionnels en Ile-de-France. Il analyse les différentes raisons de ce succès, qui tiennent à la fois à des facteurs contingents, à des dispositifs institutionnels et, plus fondamentalement, à une dynamique d’autonomisation de la profession de kinésithérapeute par rapport au monde médical. |
| 700 10 - ADDED ENTRY--PERSONAL NAME | |
| Personal name | Pelca, Dominique |
| Relator term | author |
| 786 0# - DATA SOURCE ENTRY | |
| Note | Sociologies pratiques | 11 | 2 | 2005-09-01 | p. 73-85 | 1235-9278 |
| 856 41 - ELECTRONIC LOCATION AND ACCESS | |
| Uniform Resource Identifier | <a href="https://shs.cairn.info/revue-sociologies-pratiques-2005-2-page-73?lang=fr&redirect-ssocas=7080">https://shs.cairn.info/revue-sociologies-pratiques-2005-2-page-73?lang=fr&redirect-ssocas=7080</a> |
Pas d'exemplaire disponible.




Réseaux sociaux